| 000 | 00684nam a22001577a 4500 | ||
|---|---|---|---|
| 003 | OSt | ||
| 005 | 20151209094319.0 | ||
| 008 | 151209b xxu||||| |||| 00| 0 eng d | ||
| 040 | _cRUA | ||
| 082 | _aATM CHH 2005 B193 Or.1 | ||
| 100 |
_94567 _aCHHUON, SOKLANG. |
||
| 245 | _awomen's power in agricultural management at kampong svay district, kampong thom province (សិទ្ធិអំណាចរបស់ស្រ្តីក្នុងការគ្រប់គ្រងកសិកម្មនៅស្រុកោកំពង់ស្វាយ ខេត្តកំពង់ធំ) | ||
| 260 |
_aPhnom Penh _bRUA _c2005 |
||
| 300 |
_axv, 50p. _bill. _c29cm. |
||
| 942 |
_2ddc _cATM |
||
| 999 |
_c4256 _d4256 |
||